000 00617nam a22002177a 4500
003 BUBTL
008 171105b xxu||||| |||| 00| 0 eng d
020 _a0-256-02164-3
082 _a658.3
_bJUM
100 _91491
_aJucius, Michael j.
245 _aPersonnel Management
_cJucius, Michael j.
250 _a9th
260 _aIrwin
_bToppan Company
_c1947
300 _a[xiii] , 534p . :
_bill , Graph ; 22cm .
_cManagement .
500 _aIncludes Index .
650 0 _939
_aManagement
700 _91492
_aJucius, Michael j.
856 _k0
_l0
_yDownload
942 _2ddc
_cBK
999 _c5538
_d5538